Loading...
| LEADER | 00481nam a22001577a 4500 | ||
|---|---|---|---|
| 003 | OSt | ||
| 020 | |a 9781472101607 | ||
| 082 | |a 832.1 |b WIN/LO | ||
| 100 | |a Winter ,Tom | ||
| 245 | |a Lost And Found | ||
| 260 | |a UK |b Corsair |c 2013 | ||
| 300 | |a 314 Pages; | ||
| 650 | |a Fiction | ||
| 942 | |2 ddc |c BK | ||
| 999 | |c 139527 |d 139527 | ||
| 952 | |0 0 |1 0 |2 ddc |4 0 |6 832_100000000000000_WINLO |7 0 |9 138978 |a KAUCLV |b KAUCLV |c GENERAL |d 2014-07-04 |g 350.00 |l 44 |o 832.1 WIN/LO |p 223727 |r 2020-09-25 |s 2020-08-14 |w 2014-07-04 |y BK | ||